Revista de derecho de daños 2021 - 1 : cuantificación del daño - I /
Guardado en:
| Formato: | Libro |
|---|---|
| Idioma: | Spanish |
| Publicado: |
Santa Fe :
Rubinzal - Culzoni,
2021.
|
| Edición: | 1a. ed. |
| Series: | Revista de Derecho de Daños
|
| Materias: | |
| Etiquetas: |
Agregar Etiqueta
Sin Etiquetas, Sea el primero en etiquetar este registro!
|
| LEADER | 00741nam a22002295a 4500 | ||
|---|---|---|---|
| 001 | DER.der014660 | ||
| 008 | 210819s2021####ag#####|###|#|######spa|| | ||
| 005 | 20230608131900.0 | ||
| 245 | 1 | 0 | |a Revista de derecho de daños 2021 - 1 : |b cuantificación del daño - I / |c Mosset Iturraspe, Jorge. |
| 250 | |a 1a. ed. | ||
| 260 | |a Santa Fe : |b Rubinzal - Culzoni, |c 2021. | ||
| 300 | |a 712 p. | ||
| 020 | |a 9789873024863 | ||
| 700 | 1 | |a Mosset Iturraspe, Jorge., |e dir. | |
| 700 | 1 | |a Lorenzetti, Ricardo Luis., |e dir. | |
| 830 | 0 | |a Revista de Derecho de Daños | |
| 650 | 7 | |a DAÑO RESARCIBLE | |
| 650 | 7 | |a RESPONSABILIAD CIVIL | |
| 650 | 7 | |a DAÑO PSIQUICO | |
| 650 | 7 | |a DAÑO MORAL | |
| 650 | 7 | |a LUCRO CESANTE | |
| 859 | |a DERECHO |b BIB. DERECHO |h 346 |i REV |p 009976 |t 1 | ||
